Handbooks on the national language readers of Japan /

Saved in:
Bibliographic Details
Main Author: Ojima, Kikue
Format: Book
Language:Japanese
Published: Tokyo : San Ko Sha, 1929-1939.
Subjects:
LEADER 00838nam a2200229 a 4500
001 c000375705
003 CARM
005 00000000000000.0
008 930125m19291939ja 00000 jpn d
019 1 |a 6410503  |z 26109494  |z 15739427  |z 54251246  |5 LACONCORD2021 
035 |a (OCoLC)4909334  |5 LACONCORD2021 
040 |a NUN  |c NUN 
041 0 |a japeng 
100 1 |a Ojima, Kikue. 
245 1 0 |a Handbooks on the national language readers of Japan /  |c by Kikue Ojima. 
260 |a Tokyo :  |b San Ko Sha,  |c 1929-1939. 
300 |a 12 v. 
500 |a Japanese and English. 
650 0 |a Japanese language  |x Readers. 
852 8 |b CARM  |h A1:AN07G0  |i B08483  |p 0409171  |f BK 
999 f f |i a118ba5a-4fe6-5a4c-bcfe-5dce3516aec3  |s 0042db95-17c3-588f-972d-a327142fb423 
952 f f |p Can circulate  |a CAVAL  |b CAVAL  |c CAVAL  |d CARM 1 Store  |e B08483  |f A1:AN07G0  |h Other scheme  |i book  |m 0409171